Rzeczy, które są czerwone na zdjęciu - Statystyki

Ogólne statystyki
  • Ten quiz został rozwiązany 27 razy
  • Średni wynik to 8 z 18
Statystyki odpowiedzi
Obrazkowy Hint Odpowiedź % Poprawnych
kwiat Róża
100%
zwierzę Biedronka
95%
liście tego drzewa (jesienią) Klon
90%
owoc Porzeczka czerwona
90%
coś w kosmosie Mars
81%
piętrowe autobusy tego miasta Londyn
62%
flaga państwa Wietnam
62%
logo otej firmy Mitsubishi
57%
przyprawa Szafran
48%
postać dziecięca Czerwony Kapturek
43%
temat chińskiego festiwalu Czerwone latarnie
24%
konkretny rodzaj ostrej papryki Habanero
19%
kapelusz Fez
14%
zabytek Paryża Moulin Rouge
14%
zwierzę Pandka ruda
14%
zwierzę Kardynał szkarłatny
10%
ten obszar Amsterdamu Dzielnica Czerwonych Latarnii
0%
nazwa tej części koguta Przydatki
0%
Nie znaleziono quizów pasujących do podanych kryteriów
Rozkład punktacji
Procent ludzi z każdym wynikiem
Percentyl według liczby udzielonych odpowiedzi
Twoja historia wyników
Nie rozwiązałeś tego quizu